000 00397nam a2200121Ia 4500
008 220620s9999||||xx |||||||||||||| ||und||
245 0 _aRecurrent Neural Networks for Temporal Data Processing
546 _aEnglish[eng]
650 _aNeural networks & fuzzy systems
700 _aCardot, Hubert
856 _uhttps://mts.intechopen.com/storage/books/102/authors_book/authors_book.pdf
942 _cEB
999 _c26529
_d26529